00360nam a2200145Ia 4500008004100000020001800041041000800059082001700067100001600084245003100100260002900131300000900160365001600169700002900185230718s9999 xx 000 0 und d a9788121925372 aeng a621.815bKHU aKhurmi R.S. aTextbook Of Machine Design c2014bS. Chand & Company a1230 cRs.b850.00 aKhurmi R.S. & Gupta J.K.